Gran Premi del Campionato mondiale di Formula 1 2003 - Statistics

Statistiche generali
  • Questo quiz è stato fatto 4 volte
  • Il punteggio medio è 14 su 16
Statistiche sulle risposte
Data Gran Premio % Corretto
9 marzo Gran Premio d'Australia
100%
18 maggio Gran Premio d'Austria
100%
6 aprile Gran Premio del Brasile
100%
12 ottobre Gran Premio del Giappone
100%
6 luglio Gran Premio di Francia
100%
3 agosto Gran Premio di Germania
100%
20 luglio Gran Premio di Gran Bretagna
100%
4 maggio Gran Premio di Spagna
100%
14 settembre Gran Premio d'Italia
100%
28 settembre Gran Premio degli Stati Uniti
75%
15 giugno Gran Premio del Canada
75%
23 marzo Gran Premio della Malesia
75%
1º giugno Gran Premio di Monaco
75%
20 aprile Gran Premio di San Marino
75%
24 agosto Gran Premio d'Ungheria
75%
29 giugno Gran Premio d'Europa
50%
Nessun quiz corrispondente trovato
Distribuzione punteggi
Percentuale di utenti per punteggio
Percentile per numero di risposta
I tuoi punteggi nel tempo
Non hai fatto questo quiz